000 00388cam a2200157ua 4500
041 _aeng
_h
082 _a823.301
_bCHA/CA
100 _aChaucer, Geoferey .
245 _aCanterbury tales /
_cGeoferey Chaucer.
_hTextual Documents
250 _a1 /
_b.
260 _aLondon :
_bJ M Dent and Sons Ltd ,
_c1962.
300 _a612 ; .
504 _a
942 _cBK
999 _c7619
_d7619